| 000 | 00338 a2200109 4500 | ||
|---|---|---|---|
| 001 | ART_30826 | ||
| 005 | 20260410161706.0 | ||
| 008 | 260409a | ||
| 245 | 1 | 0 | _aCompensaciones, deducciones y transacciones en el derecho tributario |
| 100 | 1 | _aOklander, Juan | |
| 773 | 0 |
_tRevista Impuestos _g- NÂș 9 (may. 2008) _wREV639 |
|
| 999 |
_c15602 _d15602 |
||